01623nam a2200385 a 4500001001000000003000500010005001700015008004100032010001100073011001100084040000900095090001000104100003900114245014200153260004100295500006000336502009800396590004100494590004100535590004100576590003700617590004100654590004000695650002300735650002900758650004700787856001600834856007000850901000700920942001000927942000600937999001900943952013500962952014001097000108505CHAP20220329144015.0140219s2012 mx sm |||||||spa d a104967 a105939 cCHAP aTesis1 aCastro Garibay, Sandra Luz912551310aComportamiento de los pinos piñoneros Mexicanos en la zona de Texcoco, Estado de Méxicoh[En línea]cpor Sandra Luz Castro Garibay. aChapingo, Méx. :bEl autor,c2012. aPara ver el contenido del material haga clic en la liga aTesis (Ing. en restauración forestal)--UACH. Departamento División de Ciencias Forestales aBATCH-UPDb05c20140219lUCH01h1219 aBATCH-UPDb10c20140324lUCH01h1535 aBATCH-UPDb10c20141002lUCH01h0856 aBATCHb00c20181121lUCH01h0759 aE11695DGDb10c20140225lUCH01h1323 aE5765TAJb05c20140219lUCH01h121814aPináceas.98821014aPinus cembroides.98832514aPinus pineaxCrecimientozTexcoco.9125514 a1 n0001462 aFinding aiduhttp://10.13.5.2/tesis/sist108505.pdfzTeclea aquí aBK cTESIS n0 c104967d104967 00102local4051708TESISaBCbBCcPA_TESISd2014-02-19fTESISl0oTesisp33724002356918r2019-12-31 00:00:00w2014-02-19yTESIS 00102local4053708TESISaBCbBCcPA_TESISd2014-02-19fTESISl0oTesisp33724002356959r2019-12-31 00:00:00tc.2w2019-12-31yTESIS